FLIP THE SCRIPT : Getting Pepole to Think Your Idea Is Their Idea

Bibliographic Details
Main Author: Klaff, Oren (Author)
Format: Book
Published: London : Piatkus 2019
Subjects:

MARC

LEADER 00000cam a2200000 7i4500
001 0000278595
005 20210826111401.0
006 a ###e ### 000 0
007 t
008 210826t20192019enk e 0000 eng #
020 |a 9780349418865 
040 |a MBPJ   |b eng   |c MBPJ   |e rda 
090 0 0 |a 658.452   |b KLA 
100 1 |a Klaff, Oren ,   |e author 
245 1 0 |a FLIP THE SCRIPT :   |b Getting Pepole to Think Your Idea Is Their Idea   |c OREN KLAFF with Andy Earle 
264 1 |a London :   |b Piatkus   |c 2019 
264 4 |c ©2019 
300 |a xii, 238 pages ;   |c 24 cm. 
336 |a text  |2 rdacontent 
337 |a unmediated  |2 rdamedia 
338 |a volume  |2 rdacarrier 
650 0 |a Business communication 
650 0 |a Business presentations 
650 0 |a Persuasion (Rhetoric) 
999 |a 00385781   |b BUKU   |c PINJAMAN   |e PERPUSTAKAAN KOMUNITI PETALING JAYA